Cartography : Visualization of geospatial data

Guardado en:
Detalles Bibliográficos
Autores principales: Kraak, Menno-Jan (Autor), Ormeling, Ferjan (Autor)
Formato: Libro
Lenguaje:inglés
Publicado: Harlow Essex : Pearson Education Limited, 2003
Edición:2.vyd.
Etiquetas: Agregar Etiqueta
Sin Etiquetas, Sea el primero en etiquetar este registro!

MARC

LEADER 00000nam a22000003a 4500
001 stu191452
005 20150617230048.2
008 091005s2003----uk------------------eng-d
020 |a 978-0-13-088890-7 
040 |a STU  |b slo 
041 0 |a eng 
044 |a uk 
080 |a 528.5 
100 1 |a Kraak, Menno-Jan  |4 aut 
245 1 |a Cartography :  |b Visualization of geospatial data 
250 |a 2.vyd. 
260 |a Harlow Essex :  |b Pearson Education Limited,  |c 2003 
300 |a IX,205 s 
700 1 |a Ormeling, Ferjan  |4 aut 
996 |c V*50554/O-22615  |l VV3  |s P  |a 0  |w stu191452_0001